Statistics for Countries by Subdivisions (Hard)

Click here to take the quiz!

General Stats

  • This quiz has been taken 120 times
    (91 since last reset)
  • The average score is 25 of 35

Answer Stats

SubdivisionCountry% Correct
QuebecCanada
100%
QueenslandAustralia
99%
NormandyFrance
97%
OhioUSA
97%
ValenciaSpain
96%
BrandenburgGermany
92%
PiedmontItaly
92%
KagoshimaJapan
92%
Western CapeSouth Africa
92%
GujaratIndia
91%
PortoPortugal
91%
IvanovoRussia
91%
CambridgeshireUK
91%
San Luis PotosiMexico
84%
GansuChina
82%
JejuSouth Korea
79%
AcehIndonesia
75%
ShirazIran
75%
PernambucoBrazil
74%
HaifaIsrael
74%
BatmanTurkey
74%
ConnachtIreland
66%
Santa CruzBolivia
64%
AttikiGreece
58%
MasoviaPoland
58%
AricaChile
55%
TabukSaudi Arabia
54%
AnnabaAlgeria
51%
NarinoColombia
51%
TigrayEthiopia
51%
WaikatoNew Zealand
50%
SindPakistan
42%
TataouineTunisia
39%
AqtobeKazakhstan
38%
VidinBulgaria
28%

Score Distribution

Percentile by Number Answered

Percent of People with Each Score

Your Score History

You have not taken this quiz since the last reset